Normal view
MARC view
- Samra Irshad
Entry Personal Name
001 - CONTROL NUMBER
- control field: 70566
003 - CONTROL NUMBER IDENTIFIER
- control field: NUST
005 - DATE AND TIME OF LATEST TRANSACTION
- control field: 20210628204519.0
008 - FIXED-LENGTH DATA ELEMENTS
- fixed length control field: 210628|| aca||aabn | a|a d
040 ## - CATALOGING SOURCE
- Original cataloging agency: NUST
- Transcribing agency: NUST
100 ## - HEADING--PERSONAL NAME
- Personal name: Samra Irshad
670 ## - SOURCE DATA FOUND
- Source citation: Work cat.: (NUST): Samra Irshad, TH-SOF-1084-Development of a system for Automatic Detection and Diagnosis of an Eye Disease Hypertensive Retinopathy, 2014
